| 000 | 00719nam a2200253Ia 4500 | ||
|---|---|---|---|
| 005 | 20260429111857.0 | ||
| 008 | 260429s9999||||xx |||||||||||||| ||und|| | ||
| 020 | _a9780534637972 | ||
| 041 | _aEnglish | ||
| 082 |
_a302.23 _bBAR |
||
| 100 | _aBaran, Stanley J. | ||
| 245 | 0 |
_aMass communication theory : _bfoundations ferment and future / _cStanley J. Baran |
|
| 250 | _a4th ed. | ||
| 260 |
_aSingapore : _bThomson/Wadsworth, _c2006. |
||
| 300 | _axix, 412 p.; pbk | ||
| 650 | _a Broadcasting | ||
| 650 | _a Communication research | ||
| 650 | _a Communication theory | ||
| 650 | _a Journalism | ||
| 650 | _a Media studies | ||
| 650 | _aMass communication | ||
| 700 | _a Davis, Dennis K. | ||
| 942 | _cTB | ||
| 999 |
_c51242 _d51242 |
||